| 000 | 00733nam a2200241Ia 4500 | ||
|---|---|---|---|
| 001 | 915 | ||
| 003 | GE_BSU | ||
| 008 | 181216s||||||||xx |||||||||||||| ||und|| | ||
| 020 | _a577490137 | ||
| 040 | _cGE_BSU | ||
| 080 | _a330.43(075.8) | ||
| 100 | _aКатышев,П.К.;Матнус,Я.Р.;Пересецкий,А.А. | ||
| 245 | _aСборник задач к начальному курсу эконометрики | ||
| 250 | _a3-е изд,испр. | ||
| 260 | _aМосква | ||
| 260 | _bДело | ||
| 260 | _c2003 | ||
| 300 | _a208стр. | ||
| 541 | _h7л. | ||
| 653 | _aСборник задач к начальному курсу эконометрики | ||
| 653 | _aЭконометрика | ||
| 942 | _cBK | ||
| 999 |
_c35074 _d35074 |
||